Vanzetti : (Record no. 2644)
[ view plain ]
| 000 -CABECERA | |
|---|---|
| campo de control de longitud fija | 00920cam a2200253 a 4500 |
| 001 - NÚMERO DE CONTROL | |
| campo de control | 000002810 |
| 005 - FECHA Y HORA DE LA ÚLTIMA TRANSACCIÓN | |
| campo de control | 20200929150249.0 |
| 008 - DATOS DE LONGITUD FIJA--INFORMACIÓN GENERAL | |
| campo de control de longitud fija | 780131r1976 sp 000 0dspa |
| 020 ## - NÚMERO INTERNACIONAL ESTÁNDAR DEL LIBRO | |
| Número Internacional Estándar del Libro | 8440021348 |
| 020 ## - NÚMERO INTERNACIONAL ESTÁNDAR DEL LIBRO | |
| Número Internacional Estándar del Libro | 844002133X |
| 040 ## - FUENTE DE LA CATALOGACIÓN | |
| Centro catalogador/agencia de origen | DO-SdBNP |
| Lengua de catalogación | spa |
| Centro/agencia transcriptor | BNPHU |
| 082 ## - NÚMERO DE LA CLASIFICACIÓN DECIMAL DEWEY | |
| Número de clasificación | 923.41945 |
| Número de documento/Ítem | V285c |
| 240 03 - TÍTULO UNIFORME | |
| Título uniforme | Il Caso Sacco e Vanzetti (Lettere ai familiari). |
| Lenguaje de la obra | Español |
| 245 00 - MENCIÓN DE TÍTULO | |
| Título | Vanzetti : |
| Resto del título | cartas desde la prisión / |
| Mención de responsabilidad, etc. | compilación Cesare Pillón y Vicenzina Vanzetti ; traductor, Oscar Muslera. |
| 260 ## - PUBLICACIÓN, DISTRIBUCIÓN, ETC. | |
| Lugar de publicación, distribución, etc. | Barcelona : |
| Nombre del editor, distribuidor, etc. | Gedisa, |
| Fecha de publicación, distribución, etc. | 1976. |
| 300 ## - DESCRIPCIÓN FÍSICA | |
| Extensión | 223 p. ; |
| Dimensiones | 20 cm. |
| 490 1# - MENCIÓN DE SERIE | |
| Mención de serie | Libertad y Cambio |
| 534 ## - NOTA SOBRE LA VERSIÓN ORIGINAL | |
| Encabezamiento principal del original | Título original: |
| Mención de título del original | Il Caso Sacco e Vanzetti (Lettere ai familiari) |
| 600 14 - PUNTO DE ACCESO ADICIONAL DE MATERIA--NOMBRE DE PERSONA | |
| Nombre de persona | VANZETTI, BARTOLOMEO, |
| Fechas asociadas al nombre | 1888-1927 |
| 9 (RLIN) | 8879 |
| 650 #4 - PUNTO DE ACCESO ADICIONAL DE MATERIA--TÉRMINO DE MATERIA | |
| Término de materia o nombre geográfico como elemento de entrada | Cartas |
| Subdivisión general | Colecciones |
| 9 (RLIN) | 8880 |
| 700 1# - PUNTO DE ACCESO ADICIONAL--NOMBRE DE PERSONA | |
| Nombre de persona | Pillón, Cesare, |
| Término indicativo de función/relación | comp. |
| 9 (RLIN) | 8881 |
| 700 1# - PUNTO DE ACCESO ADICIONAL--NOMBRE DE PERSONA | |
| Nombre de persona | Vanzetti, Vincenzina, |
| Término indicativo de función/relación | comp. |
| 9 (RLIN) | 8882 |
| 700 1# - PUNTO DE ACCESO ADICIONAL--NOMBRE DE PERSONA | |
| Nombre de persona | Muslera, Oscar, |
| Término indicativo de función/relación | tr. |
| 9 (RLIN) | 8883 |
| Estado de retiro | Estado de pérdida | Restricciones de uso | No para préstamo | Código de colección | Localización permanente | Ubicación/localización actual | Ubicación en estantería | Fecha de adquisición | Número de inventario | Total de préstamos | Signatura topográfica completa | Código de barras | Fecha visto por última vez | Precio válido a partir de | Tipo de ítem Koha |
|---|---|---|---|---|---|---|---|---|---|---|---|---|---|---|---|
| Excluido de préstamo | Monografías: Libros y Folletos | General | General | Depósito | 03.07.2009 | LF1 | 923.41945 V285c | 2810-10 | 25.06.2020 | 25.06.2020 | No se presta | ||||
| Monografías: Libros y Folletos | Patrimonio Dominicano | Patrimonio Dominicano | Orden iniciada | 25.05.2017 | LF1 | 923.41945 V285c | 2810-20 | 25.06.2020 | 25.06.2020 | No se presta |
